01775nam a2200181Ia 4500001001300000003001000013008004100023040002500064041000700089100002900096245010600125250001100231260002900242300001100271500125800282650001701540700003601557b7148-53235 IT-MiCISF161014s9999||||xx |||||||||||||| ||und|| aIT-MiCISFcIT-MiCISF ait aMelina Livio (a cura di) 0aAmare nella differenzabLe forme della sessualità e il pensiero cattolico: studio interdisciplinare a1a ed. a SienabCantagallic2012 app.565 aLevada W.J., Melina L., Belardinelli S., Haldane J., Anatrella T., Lee J.S., Botturi F., Di Pietro M.L., Binasco M., Vaitoska G., Marengo G., Angelini G., Martin F., Edart J.B., Ayan Calvo J.J., Faggioni M., Rodriguez Luno A., Schindler D.L., Lorente A.P., Lacroix X., Mazzocato G., Rhonheimer M., Noriega J., D'Agostino F., Crawford D., Ollero Tassara A., Gambino G., Nicolosi J., Pesci F., Perez-Soba J.J. / sessualià, società, cultura, omosessualità, identità-sessuale, bibbia, patristica, antropologia, diritto, pastorale, differenza-sessuale, filosofia, religioni-non-cristiane / Il volume raccoglie gli studi di esperti qualificati a livello internazionale nelle differenti discipline, che indagano sulla sessualità e sulle diverse forme che essa ha assunto nel vissuto sociale contemporaneo. Il suo intento è quello di raggiungere una piena interdisciplinarietà, grazie al contributo di autori che, pur nella diversità delle loro prospettive disciplinari, siano accomunati dalla condivisione della luce che l'antropologia cristiana offre all'interpretazione dell'umano, e quindi ad un una visione integrale della persona, nella quale i singoli apporti dei saperi trovino spazio e si ridimensionino, bilanciandosi reciprocamente. asessualità aBelardinelli Sergio (a cura di)